• 首页
  • 本馆介绍
  • 公告通知
  • 最新文献
  • 馆藏检索
  • 电子资源
  • 读者导购
  • 参考咨询
  • 我的图书馆
  • 登录
  • 详细信息显示
  • 放入我的书架
  • 预约/预借图书
  • 作者相关作品
  • 分类相关作品
  • 丛书相关作品
  • 出版社相关作品

书目信息

  • 表格格式
  • 工作单格式
  • 卡片格式
题名:
情报工作的组织与方法
    
 
作者: 伊万诺夫 著 ;王靖元 , 张幼莲 译
分册:  
出版信息: 北京   书目文献出版社  1986
页数: 234页
开本: 19cm
丛书名:
单 册:
中图分类: G351.1 , G359.512
科图分类:
主题词: 情报工作--组织管理学
电子资源:
ISBN:
000 01034nam0 2200301 45
001 0186019080
005 20040430144104.1
010    @dCNY1.25
091    @a7201.75
100    @a19931109d1986 emky0chiy0121 ea
101 1  @achi@crus
102    @aCN@b110000
105    @aa z 000yy
106    @ar
200 10 @a情报工作的组织与方法@AQing Bao Gong Zuo De Zu Zhi Yu Fang Fa@f(苏)伊万诺夫著@g王靖元,张幼莲译
210    @a北京@c书目文献出版社@d1986
215    @a234页@c图表@d19cm
300    @a书名原文: Органи3ация и методика информационнои работы
510 1  @aОргани3ация и методика информационнои работы@zrus
606    @a情报工作@x组织管理学
690    @aG351.1@v3
690    @aG359.512
701  1 @a伊万诺夫@Ayi wan nuo fu@4著
702  0 @a王靖元@Awang jing yuan@4译
702  0 @a张幼莲@Azhang you lian@4译
801  0 @aCN@b深圳图书馆@c20040430
801  2 @aCN@bNLC@c20040430
905    @f3@b168405-407@f2@b154084-085@dG359.512@e15
    
    情报工作的组织与方法/(苏)伊万诺夫著/王靖元,张幼莲译.-北京:书目文献出版社,1986
    234页:图表;19cm
    书名原文: Органи3ация и методика информационнои работы
    
    ISBN :CNY1.25
    
●
相关链接 在E读中查询图书 在五车中查询图书 在当当中查询图书 在豆瓣中查询图书


正题名:情报工作的组织与方法     索取号:G359.512/15         预约/预借

序号 登录号 条形码 馆藏地/架位号 状态 备注
1 0154084   000985893   密集书库/ [索取号:G359.512/15] 在馆    
2 0154085   000985036   密集书库/ [索取号:G359.512/15] 在馆    
3 0154086   000985900   第一样本阅览室/ [索取号:G359.512/15] 在馆    
4 0168405   000984037   密集书库/ [索取号:G359.512/15] 在馆    
5 0168406   000984028   密集书库/ [索取号:G359.512/15] 在馆    
6 0168407   000984046   密集书库/ [索取号:G359.512/15] 在馆    
唐山师范学院图书馆 欢迎您!
大连网信软件有限公司© 版权所有